000 00432nam a2200169 a 4500
001 0000-8758
003 ELIB.Books
008 110520 1955
035 _a(ELIB.Books)0000-8904
082 _a230
_bBul
100 _aBultmann, Rudolf
245 _aTheology of the New Testament
260 _bNew York: Charles Scribner's Sons
_c1955
650 _aTheology
942 _2ddc
_cBK
998 _cbat
_e2011-05-20
999 _c8758
_d8758